Introduction to Machine Learning Using python (Record no. 824)

MARC details
000 -LEADER
Fixed length control field 00540nam a2200193 4500
003 - CONTROL NUMBER IDENTIFIER
Control field SEACOMEC
005 - DATE AND TIME OF LATEST TRANSACTION
Control field 20250829133410.0
008 - FIXED-LENGTH DATA ELEMENTS--GENERAL INFORMATION
Fixed length control field 240319b |||||||| |||| 00| 0 eng d
020 ## - INTERNATIONAL STANDARD BOOK NUMBER / ISBN
International Standard Book Number 978-9389139068
Price Rs.199.00
040 ## - CATALOGING SOURCE
Original cataloging agency SEACOMEC
041 ## - LANGUAGE CODE
Language code English
082 ## - DEWEY DECIMAL CLASSIFICATION NUMBER
Classification number 006.3
Book Number J83
100 ## - MAIN ENTRY--PERSONAL NAME
Personal name Jose ,Jeeva
245 ## - TITLE STATEMENT
Title Introduction to Machine Learning Using python
Statement of responsibility Jeeva Jose
260 ## - IMPRINT
Place of publication New Delhi
Name of publisher Khanna Book Publishing
Date of publication 2023
300 ## - PHYSICAL DESCRIPTION
Page / Vol. No 192p
Dimensions 23cm
650 ## - SUBJECT ADDED ENTRY--TOPICAL TERM
Topical term Computer Science
Form subdivision Artificial intelligence
942 ## - ADDED ENTRY ELEMENTS (KOHA)
Koha item type Books
Holdings
Withdrawn status Lost status Source of classification Damaged status Not for loan Home library Current library Date acquired Total Checkouts Call number Accession number Date last seen Price effective from Koha item type Copy number
    Dewey Decimal Classification     SEACOM ENGINEERING COLLEGE SEACOM ENGINEERING COLLEGE 19/03/2024   006.3 J83 21466 19/03/2024 19/03/2024 Reference Books  
    Dewey Decimal Classification     SEACOM ENGINEERING COLLEGE SEACOM ENGINEERING COLLEGE 19/03/2024   006.3 J83 21467 19/03/2024 19/03/2024 Books 1
    Dewey Decimal Classification     SEACOM ENGINEERING COLLEGE SEACOM ENGINEERING COLLEGE 19/03/2024   006.3 J83 21468 19/03/2024 19/03/2024 Books 2
© Seacom Engineering College, All rights reserved.      Powered by Koha